Technical information services for developing countries (Record no. 25032)

MARC details
000 -LEADER
fixed length control field 00361nam a2200121Ia 4500
082 ## - DEWEY DECIMAL CLASSIFICATION NUMBER
Classification number 025.5
Item number RAD
245 #0 - TITLE STATEMENT
Title Technical information services for developing countries
260 ## - PUBLICATION, DISTRIBUTION, ETC. (IMPRINT)
Place of publication India
Name of publisher International council of scientific union
Year of publication 1977
700 ## - ADDED ENTRY--PERSONAL NAME
Personal name Iyengar, T K S
700 ## - ADDED ENTRY--PERSONAL NAME
Personal name Radhakrishna, S
942 ## - ADDED ENTRY ELEMENTS (KOHA)
Koha item type Books
Holdings
Withdrawn status Lost status Damaged status Not for loan Home library Current library Date acquired Cost, normal purchase price Full call number Accession Number Koha item type
        RRII Library RRII Library 16/12/2021 35.00 025.5 RAD 05695 Books